000 00579nam a22001817a 4500
999 _c12546
_d12546
008 190130b ||||| |||| 00| 0 eng d
020 _a971-542-291-8
082 _22001
_aDFil 899.211
_bP53
245 _aWhy the sea is salt/
_cDamiana Eugenio [Compiler and Editor]
260 _aQuezon City:
_bUP Press;
_c©2001
300 _aPage 249-251;
_c22.35 cm.
500 _aPhilippine folk literature: The myths
650 _aMythology
_935406
650 _aLegends
_935407
650 _aPhilippine folk literature (English)
_935408
650 _aFolklore
_935409
942 _2ddc
_cDFIL